A history of the American Revolution / (Record no. 4846)

MARC details
000 -LEADER
campo de control de longitud fija 01569cam a2200241 4500
001 - NÚMERO DE CONTROL
campo de control 2083
005 - FECHA Y HORA DE LA ÚLTIMA TRANSACCIÓN
campo de control 20230404125807.0
008 - DATOS DE LONGITUD FIJA--INFORMACIÓN GENERAL
campo de control de longitud fija 060907s1989 nyu eng
020 ## - NÚMERO INTERNACIONAL ESTÁNDAR DEL LIBRO
Número Internacional Estándar del Libro 0306803666
035 ## - NÚMERO DE CONTROL DEL SISTEMA
-- funglode2091
041 ## - CÓDIGO DE IDIOMA
Código de lengua del texto/banda sonora o título independiente eng
050 14 - SIGNATURA TOPOGRÁFICA DE LA BIBLIOTECA DEL CONGRESO
Número de clasificación 002 E 208
Número de ítem A358h 1989
082 00 - NÚMERO DE LA CLASIFICACIÓN DECIMAL DEWEY
Número de clasificación 973.3
100 1# - ENTRADA PRINCIPAL--NOMBRE DE PERSONA
Nombre de persona Alden, John Richard,
Fechas asociadas al nombre 1908-
245 12 - MENCIÓN DEL TÍTULO
Título A history of the American Revolution /
Mención de responsabilidad, etc. John R. Alden
260 ## - PUBLICACIÓN, DISTRIBUCIÓN, ETC.
Lugar de publicación, distribución, etc. New York :
Nombre del editor, distribuidor, etc. Da Capo Press,
Fecha de publicación, distribución, etc. 1989
300 ## - DESCRIPCIÓN FÍSICA
Extensión ix, 560 p.
440 ## - MENCIÓN DE SERIE/PUNTO DE ACCESO ADICIONAL--TÍTULO
Título Da Capo paperback
520 ## - RESUMEN, ETC.
Sumario, etc. The american colonies, 3. -- Britain in the years 1763, 17. -- A casual empire, 32. -- A new british policy, 45. -- A breach in the empire, 59. -- Britain retreats, 73. -- The second challenge from britain, 84. -- The townshend crisis, 95. -- A decade of westward advance, 111. -- The tea troubles, 125. -- Rebelion, 125. -- Britian prepares for canada, 194. -- Britain prepares for war, 211. -- The ceclatration of independence, 226. -- The opposing forces, 245. -- From brooklyn to princeton, 262. -- The fall of philadelphia, 284. -- Saratoga, 309. -- The american federacy, 328. -- Social reform, 348. -- France intervenes, 370. -- Deadlock in the north, 389. -- British triumhs in the south, 408. -- The western front, 423. -- The war at home, 443. -- The end of the war, 477. -- The peace of paris, 477. -- The fate of the loyalists, 493. -- The forginf of the american union, 507
651 #0 - PUNTO DE ACCESO ADICIONAL DE MATERIA--NOMBRE GEOGRÁFICO
Nombre geográfico United States
Subdivisión general History
Subdivisión cronológica Revolution, 1775-1783.
651 #4 - PUNTO DE ACCESO ADICIONAL DE MATERIA--NOMBRE GEOGRÁFICO
Nombre geográfico Estados Unidos
Subdivisión general Historia
Subdivisión cronológica Revolución, 1775-1783
942 ## - ELEMENTOS DE ENTRADA SECUNDARIOS (KOHA)
Fuente del sistema de clasificación o colocación Clasificación de Library of Congress
Tipo de ítem Koha
Holdings
Estatus retirado Estado de pérdida Fuente del sistema de clasificación o colocación Estado de daño No para préstamo Colección Biblioteca de origen Biblioteca actual Ubicación en estantería Fecha de adquisición Serial enumeration / chronology Total checkouts Signatura topográfica completa Código de barras Visto por última vez Copia número Precio de reemplazo Tipo de ítem Koha
    Clasificación de Library of Congress     Recursos Regionales Biblioteca Juan Bosch Biblioteca Juan Bosch Recursos Regionales (2do. Piso) 23/10/2018 1   002 E 208 A358h 1989 00000001131 23/10/2018 1 23/10/2018